Bomba Predstavujeme majsterku sveta Hanu Štěpánkovú

Bibliographic Details
Main Authors: Štěpánková, Hana (Author), Mazág, Martin (Author)
Format: Article
Language:Slovak
PhysicalDescription:Fotogr. 1
Subjects:

MARC

LEADER 00000nab a2200000 a 4500
001 vtls000508939
003 SK-MaSNL
005 20260303003419.0
008 120927c1994 xo 0 slo
015 |a SNBRB19rr/mm-uuuuu 
035 |a CL0509077 
040 |a SNKBUCL  |b slo  |c SNKBUCL  |e AACR2 
041 0 |a slo 
044 |a xo  |c SK 
080 |a 796.420.071  |2 1981 
100 1 |a Štěpánková, Hana  |4 aut  |9 701070 
245 1 0 |a Bomba  |b Predstavujeme majsterku sveta Hanu Štěpánkovú  |c Hana Štěpánková, Martin Mazág 
300 |b Fotogr. 1 
600 1 7 |a Štěpánková, Hana  |2 snkbucl  |9 701070 
655 7 |a rozhovory  |2 snkbucl  |9 31831 
655 7 |a články z novín a časopisov  |2 snkbucl  |9 267496 
700 1 |a Mazág, Martin  |4 aut  |9 268485 
773 0 |t Kulturistika a fit štúdio  |g Roč. 4, č. 2 (1994), s. 5 
850 |a Slovenská národná knižnica v Martine  |a MTA001 
852 |a SNK  |b KIS3GCP 
958 |a RK 
992 |a RBX 
999 |c 1572613  |d 1574543